| 000 | 00651nam a2200205Ia 4500 | ||
|---|---|---|---|
| 003 | GCL | ||
| 008 | 140319s9999 xx 000 0 ara d | ||
| 040 |
_aGCL / _cGCL |
||
| 082 | 0 | 4 |
_a808.83 _bف ا |
| 100 | 1 | _aمحمد حسنى اسماعيل (مترجم) | |
| 245 | 1 | 0 |
_aاساطير من الامم المتحدة / _cمحمد حسنى اسماعيل (مترجم) |
| 700 | 1 | _aابراهيم عبدالوهاب العفيفى | |
| 700 | 1 | _aفرست، فرانسيس | |
| 300 | _a302 ص | ||
| 490 |
_aالالف كتاب _v0 |
||
| 650 | 0 | 4 | _aالادب |
| 650 | 0 | 4 | _aالادب العالمى |
| 650 | 0 | 4 | _aالمجموعات |
| 942 |
_2ddc _cBK |
||
| 999 |
_c46017 _d46017 |
||